01589nam a2200409 a 4500001001200000003000800012006001900020007001500039008004100054010001700095020001500112020001800127020002700145040002100172035002000193043001200213050002300225082001700248100003100265245012200296246003900418260004200457300002300499500001500522500005400537504005400591533015200645650004800797650005200845650003300897655002900930700002300959710003500982710001701017856012601034999001901160ebr10505561CaPaEBRm u cr cn|||||||||010524s2001 caua sb 000 0 eng d z 2001034956 z0833030272 z9780833030276 z9780833032430 (e-book) aCaPaEBRcCaPaEBR a(OCoLC)50869627 an-us---14aNX230b.M37 2001eb04a700/.9732211 aMcCarthy, Kevin F.,d1945-12aA new framework for building participation in the artsh[electronic resource] /cKevin F. McCarthy, Kimberly Jinnett.30aBuilding participation in the arts aSanta Monica, Calif. :bRAND,cc2001. axv, 112 p. :bill. a"MR-1323." a"Supported by the Wallace-Reader's Digest Funds." aIncludes bibliographical references (p. 109-112). aElectronic reproduction.bPalo Alto, Calif. :cebrary,d2011.nAvailable via World Wide Web.nAccess may be limited to ebrary affiliated libraries. 0aArtszUnited StatesxCitizen participation. 0aArts facilitiesxSocial aspectszUnited States. 0aArts surveyszUnited States. 7aElectronic books.2local1 aJinnett, Kimberly.2 aWallace-Reader's Digest Funds.2 aebrary, Inc.40uhttp://site.ebrary.com/lib/rucke/Doc?id=10505561zAn electronic book accessible through the World Wide Web; click to view c219955d219955